LDR 00966naa#a2200181#i#450# 001 RU\\bibl\121296 005 20260514080351.4 011 ## _a1994-4683 100 ## _a20230803b2023####ek#y0rusy0150####ca 102 ## _aRU 200 1# _aК ВОПРОСУ О НЕОБХОДИМОСТИ ВКЛЮЧЕНИЯ КОМПЛЕКСА СИЛОВЫХ ФИЗИЧЕСКИХ УПРАЖНЕНИЙ В ТРЕНИРОВОЧНЫЙ ПРОЦЕСС СПОРТСМЕНОВ-СТРЕЛКОВ _eЖурнальная статья 210 1# _aМосква _cНациональный государственный Университет физической культуры, спорта и здоровья им. П.Ф. Лесгафта _d2023 215 ## _a4 с. 608 ## _aЖурнальная статья _2local 675 ## _aСтрелковый спорт. Стендовая стрельба. 799.3 _z 700 #1 _aМазуренко _gЕ А 700 #1 _aГуляй _gВ Г 856 4# _auchzapiski.lesgaft.spb.ru _u